[Event "POL-chT 50th"]
[Site "Lubniewice"]
[Date "1994.??.??"]
[Round "11"]
[White "Kharkova, Elena"]
[Black "Ostoja Domaradzka, Anna"]
[Result "1-0"]
[WhiteElo "2205"]
[BlackElo "2095"]
[PlyCount "71"]
[EventDate "1994.09.22"]
[EventType "team-tourn"]
[EventRounds "11"]
[EventCountry "POL"]
[SourceTitle "EXT 2019"]
[Source "ChessBase"]
[SourceDate "2018.10.10"]
[SourceVersion "1"]
[SourceVersionDate "2018.10.10"]
[SourceQuality "1"]
[WhiteTeam "Swietochlowice Slask"]
[BlackTeam "Wroclaw Hetman"]
[WhiteTeamCountry "POL"]
[BlackTeamCountry "POL"]

1. d4 d5 2. c4 Bf5 3. cxd5 Bxb1 4. Qa4+ Qd7 5. Qxd7+ Nxd7 6. Rxb1 Ngf6 7. Nf3 Nb6 8. e3 Nbxd5 9. Be2 e6 10. 0-0 Bd6 11. Nd2 Nd7 12. Nc4 Be7 13. Bd2 0-0-0 14. b4 N5b6 15. Na5 Nf6 16. Bf3 Nfd5 17. e4 Nf6 18. Be3 h6 19. Rfc1 g5 20. g3 Kb8 21. a3 c6 22. Nb3 Na8 23. Nc5 Nc7 24. a4 a6 25. Rb3 Nd7 26. Rcb1 f5 27. Be2 fxe4 28. Nxe4 Nf6 29. Nc5 Nfd5 30. b5 axb5 31. axb5 cxb5 32. Bxb5 b6 33. Bc6 Kc8 34. Na4 b5 35. Bxb5 Nxb5 36. Rxb5 1-0

[Event "Formia op"]
[Site "Formia"]
[Date "1994.??.??"]
[Round "5"]
[White "Ortega, Lexy"]
[Black "Kharkova, Elena"]
[Result "1/2-1/2"]
[WhiteElo "2440"]
[BlackElo "2195"]
[PlyCount "90"]
[EventDate "1994.??.??"]
[EventType "swiss"]
[EventRounds "9"]
[EventCountry "ITA"]
[SourceTitle "EXT 1999"]
[Source "ChessBase"]
[SourceDate "1998.11.16"]
[SourceVersion "1"]
[SourceVersionDate "1998.11.16"]
[SourceQuality "1"]

1. d4 d5 2. c4 e6 3. Nc3 Bb4 4. Nf3 Nf6 5. cxd5 exd5 6. Bg5 h6 7. Bxf6 Qxf6 8. Qa4+ Nc6 9. e3 0-0 10. Be2 Be6 11. 0-0 a6 12. Ne1 Bd6 13. Nd3 Rfd8 14. b4 Ne7 15. Nc5 Bc8 16. Qb3 c6 17. a4 Ng6 18. Rfe1 Nh4 19. Bf1 Bg4 20. Ne2 Bxe2 21. Rxe2 Rab8 22. Rd1 Qg6 23. h3 Re8 24. b5 axb5 25. axb5 Re7 26. Qc2 f5 27. bxc6 bxc6 28. Kh1 Rbe8 29. Rde1 Bxc5 30. dxc5 f4 31. Qxg6 Nxg6 32. exf4 Rxe2 33. Rxe2 Rxe2 34. Bxe2 Nxf4 35. Bg4 Nd3 36. Bd7 Nxc5 37. Bxc6 d4 38. Kg1 Kf7 39. Kf1 Ke6 40. f4 Kf5 41. g3 Ne4 42. Kg2 Nd2 43. Kf2 Ne4+ 44. Kf3 Nc5 45. Bd5 Kf6 1/2-1/2

[Event "POL-chT 50th"]
[Site "Lubniewice"]
[Date "1994.??.??"]
[Round "8"]
[White "Szmigielska, Anna"]
[Black "Kharkova, Elena"]
[Result "0-1"]
[WhiteElo "2170"]
[BlackElo "2205"]
[PlyCount "82"]
[EventDate "1994.09.22"]
[EventType "team-tourn"]
[EventRounds "11"]
[EventCountry "POL"]
[SourceTitle "EXT 2019"]
[Source "ChessBase"]
[SourceDate "2018.10.10"]
[SourceVersion "1"]
[SourceVersionDate "2018.10.10"]
[SourceQuality "1"]
[WhiteTeam "Legnica Miedz"]
[BlackTeam "Swietochlowice Slask"]
[WhiteTeamCountry "POL"]
[BlackTeamCountry "POL"]

1. e4 d6 2. d4 Nf6 3. Bd3 e5 4. c3 Be7 5. f4 c6 6. Nf3 Nbd7 7. 0-0 0-0 8. fxe5 dxe5 9. Nbd2 exd4 10. cxd4 Nc5 11. Bc2 Ne6 12. Nc4 Qc7 13. Ne3 Rd8 14. Nf5 Bc5 15. e5 Nxd4 16. N3xd4 Bxd4+ 17. Nxd4 Qxe5 18. Qe2 Qxd4+ 19. Kh1 Bg4 20. Qe1 Bh5 21. Bg5 Rd6 22. Qg3 Ne8 23. Qh3 Qg4 24. Qe3 Re6 25. h3 Qb4 26. Qd3 Bg6 27. Qf3 Nf6 28. Bb3 Nd5 29. Rad1 Rae8 30. h4 Qe4 31. Qh3 h5 32. Bd2 Qg4 33. Qxg4 hxg4 34. Kh2 Re2 35. Kg3 Nf6 36. Bc3 Ne4+ 37. Kxg4 Nf2+ 38. Kf3 Nxd1 39. Rxd1 Bh5+ 40. g4 R8e3+ 41. Kf4 Re4+ 0-1

[Event "Moscow (Women)"]
[Site "Moscow"]
[Date "1992.??.??"]
[Round "1"]
[White "Chekhova Kostina, Tatiana M"]
[Black "Kharkova, Elena"]
[Result "1-0"]
[WhiteElo "2265"]
[BlackElo "2220"]
[PlyCount "70"]
[EventDate "1992.??.??"]
[EventType "tourn"]
[EventRounds "11"]
[EventCountry "RUS"]
[SourceTitle "EXT 2002"]
[Source "ChessBase"]
[SourceDate "2001.11.25"]
[SourceVersion "1"]
[SourceVersionDate "2001.11.25"]
[SourceQuality "1"]

1. d4 d5 2. c4 e6 3. Nf3 Nf6 4. Nc3 Bb4 5. cxd5 exd5 6. Bg5 Nbd7 7. e3 c5 8. Be2 Qa5 9. 0-0 c4 10. Qc2 Bxc3 11. bxc3 Ne4 12. Rfc1 Nb6 13. Bf4 Bd7 14. Nd2 Ba4 15. Qb2 Bc6 16. Nxe4 dxe4 17. Bc7 Qa6 18. Bxb6 axb6 19. Qb4 b5 20. a4 bxa4 21. Bxc4 Qa5 22. Rcb1 Qxb4 23. Rxb4 0-0 24. d5 b5 25. dxc6 bxc4 26. Raxa4 Rad8 27. g3 f5 28. c7 Rc8 29. Rxc4 Rf7 30. Ra7 Rd7 31. Kf1 Kf7 32. Ke2 h5 33. f3 exf3+ 34. Kxf3 g5 35. h4 g4+ 1-0

[Event "Katowice op"]
[Site "Katowice"]
[Date "1992.??.??"]
[Round "4"]
[White "Kharkova, Elena"]
[Black "Jasnikowski, Zbigniew"]
[Result "0-1"]
[WhiteElo "2220"]
[BlackElo "2450"]
[PlyCount "96"]
[EventDate "1992.01.28"]
[EventType "swiss"]
[EventRounds "9"]
[EventCountry "POL"]
[SourceTitle "TD"]
[Source "ChessBase"]
[SourceDate "1994.03.01"]
[SourceVersion "1"]
[SourceVersionDate "1994.03.01"]
[SourceQuality "1"]

1. d4 Nf6 2. c4 g6 3. Nc3 d5 4. Bf4 Bg7 5. e3 0-0 6. Rc1 c6 7. Nf3 e6 8. Bd3 b6 9. cxd5 exd5 10. 0-0 Re8 11. h3 Bb7 12. Qa4 Nbd7 13. Rfd1 a6 14. Ne5 Nxe5 15. Bxe5 c5 16. Bxf6 Bxf6 17. dxc5 bxc5 18. Bc4 Bxc3 19. Rxc3 Re7 20. Rcd3 Rd7 21. Bxd5 Bxd5 22. e4 Bc6 23. Qxc6 Rxd3 24. Rxd3 Qxd3 25. Qxa8+ Kg7 26. Qa7 Qb1+ 27. Kh2 Qxa2 28. Qxc5 Qxb2 29. e5 Qd2 30. Qb6 a5 31. g3 Qd5 32. f4 a4 33. Qa6 Qd2+ 34. Kg1 Qd7 35. h4 h5 36. Qf6+ Kh7 37. Qa6 Qd5 38. Kf2 Qa2+ 39. Kf3 Qb3+ 40. Kf2 a3 41. e6 fxe6 42. Qa7+ Kh6 43. Qe7 Qb2+ 44. Ke3 a2 45. g4 hxg4 46. Qg5+ Kh7 47. h5 Qc3+ 48. Ke2 Qf3+ 0-1

[Event "Katowice op"]
[Site "Katowice"]
[Date "1992.??.??"]
[Round "3"]
[White "Kharkova, Elena"]
[Black "Zezulkin, Jurij"]
[Result "1-0"]
[WhiteElo "2220"]
[BlackElo "2440"]
[PlyCount "91"]
[EventDate "1992.01.28"]
[EventType "swiss"]
[EventRounds "9"]
[EventCountry "POL"]
[SourceTitle "TD"]
[Source "ChessBase"]
[SourceDate "1994.03.01"]
[SourceVersion "1"]
[SourceVersionDate "1994.03.01"]
[SourceQuality "1"]

1. d4 Nf6 2. c4 g6 3. Nc3 d5 4. Bf4 Bg7 5. e3 c5 6. dxc5 Qa5 7. Rc1 dxc4 8. Bxc4 0-0 9. Nge2 Nc6 10. Qb3 Ne4 11. 0-0 Nd2 12. Qb5 Nxf1 13. Kxf1 Qxb5 14. Bxb5 Be6 15. Bg5 f6 16. Bf4 Rfd8 17. e4 a6 18. Ba4 Nb4 19. Be3 Nxa2 20. Nxa2 Bxa2 21. Nc3 Bc4+ 22. Ke1 e6 23. f4 f5 24. e5 g5 25. Ne4 Rd3 26. Bd2 fxe4 27. Rxc4 Rad8 28. Bc3 Re3+ 29. Kf2 gxf4 30. Bc2 Rxc3 31. Rxc3 Bxe5 32. Rc4 Rd2+ 33. Ke1 e3 34. b4 Rxg2 35. Be4 Rxh2 36. Bxb7 Rf2 37. c6 Bc7 38. Re4 e5 39. Bxa6 Ra2 40. Bc4+ Kg7 41. Bxa2 Kf6 42. Rc4 f3 43. Rc3 Bb6 44. c7 Bxc7 45. Rxc7 Kf5 46. Rf7+ 1-0

[Event "Simferopol/Alushta (Women)"]
[Site "Alushta"]
[Date "1992.??.??"]
[Round "?"]
[White "Mutchnik, Larisa"]
[Black "Kharkova, Elena"]
[Result "1/2-1/2"]
[WhiteElo "2195"]
[BlackElo "2225"]
[PlyCount "25"]
[EventDate "1992.??.??"]
[EventType "tourn"]
[EventRounds "13"]
[EventCountry "UKR"]
[SourceTitle "EXT 1997"]
[Source "ChessBase"]
[SourceDate "1996.11.15"]
[SourceVersion "1"]
[SourceVersionDate "1996.11.15"]
[SourceQuality "1"]

1. e4 e6 2. d4 d5 3. exd5 exd5 4. Bd3 Nc6 5. c3 Bd6 6. Qf3 Nge7 7. Ne2 Be6 8. Bf4 Qd7 9. Bxd6 Qxd6 10. Nd2 0-0-0 11. Nf4 Bf5 12. Bxf5+ Nxf5 13. 0-0-0 1/2-1/2

[Event "Simferopol/Alushta (Women)"]
[Site "Alushta"]
[Date "1992.??.??"]
[Round "?"]
[White "Prudnikova, Svetlana"]
[Black "Kharkova, Elena"]
[Result "1-0"]
[WhiteElo "2335"]
[BlackElo "2225"]
[PlyCount "72"]
[EventDate "1992.??.??"]
[EventType "tourn"]
[EventRounds "13"]
[EventCountry "UKR"]
[SourceTitle "EXT 1997"]
[Source "ChessBase"]
[SourceDate "1996.11.15"]
[SourceVersion "1"]
[SourceVersionDate "1996.11.15"]
[SourceQuality "1"]

1. d4 d5 2. c4 e6 3. Nc3 c5 4. cxd5 cxd4 5. Qxd4 Nc6 6. Qd1 exd5 7. Qxd5 Bd7 8. Nf3 Nf6 9. Qd1 Bc5 10. e3 Qe7 11. Be2 0-0 12. 0-0 Rfd8 13. a3 Rac8 14. Qc2 Bg4 15. Bd2 Ne5 16. Nxe5 Qxe5 17. Rae1 Bxe2 18. Rxe2 Ng4 19. g3 Rc6 20. Qe4 Qg5 21. h3 Ne5 22. f4 Qxg3+ 23. Rg2 Qxh3 24. Qxe5 Rg6 25. Rff2 b6 26. Rxg6 hxg6 27. Rh2 Qf3 28. b4 Bd6 29. Qg5 Re8 30. Qh4 f5 31. Qf2 Qc6 32. Ne2 a5 33. Nd4 Qe4 34. Qh4 axb4 35. Qh7+ Kf7 36. Rg2 g5 1-0

[Event "Simferopol/Alushta (Women)"]
[Site "Alushta"]
[Date "1992.??.??"]
[Round "?"]
[White "Rubzova, Tatiana"]
[Black "Kharkova, Elena"]
[Result "1-0"]
[WhiteElo "2220"]
[BlackElo "2225"]
[PlyCount "75"]
[EventDate "1992.??.??"]
[EventType "tourn"]
[EventRounds "13"]
[EventCountry "UKR"]
[SourceTitle "EXT 1997"]
[Source "ChessBase"]
[SourceDate "1996.11.15"]
[SourceVersion "1"]
[SourceVersionDate "1996.11.15"]
[SourceQuality "1"]

1. c4 f5 2. b3 e5 3. Bb2 Nc6 4. g3 Bc5 5. Bg2 Nf6 6. e3 Qe7 7. Ne2 0-0 8. 0-0 e4 9. d4 exd3 10. Qxd3 d6 11. Nbc3 Bd7 12. Nf4 Ne5 13. Ncd5 Nxd5 14. Qxd5+ Kh8 15. Rad1 c6 16. Qd2 Rad8 17. Qc3 Bb6 18. Rd2 Be8 19. Rfd1 Bc7 20. Qb4 b6 21. Qc3 Ng4 22. Qc2 Bb8 23. h3 Ne5 24. Bc3 Kg8 25. Kh1 Bf7 26. Qb2 Bc7 27. Kh2 Be8 28. Re1 Bd7 29. Ne2 Qf7 30. Red1 Rfe8 31. Bb4 c5 32. Bc3 Kh8 33. Nf4 Be6 34. Nxe6 Qxe6 35. f4 Nf7 36. Bxg7+ Kg8 37. Bd5 Qxe3 38. Bh8 1-0

[Event "Prague Bohemians (Women)"]
[Site "Prague"]
[Date "1989.??.??"]
[Round "?"]
[White "Kharkova, Elena"]
[Black "Modrova, Hana"]
[Result "1-0"]
[WhiteElo "2190"]
[BlackElo "2120"]
[PlyCount "53"]
[EventDate "1989.01.??"]
[EventType "tourn"]
[EventRounds "11"]
[EventCountry "CZE"]
[SourceTitle "EXT 1997"]
[Source "ChessBase"]
[SourceDate "1996.11.15"]
[SourceVersion "1"]
[SourceVersionDate "1996.11.15"]
[SourceQuality "1"]

1. d4 d6 2. c4 e5 3. Nf3 e4 4. Ng5 f5 5. Nc3 c6 6. g3 Be7 7. Nh3 Nf6 8. Bg2 Na6 9. f3 d5 10. cxd5 cxd5 11. Qb3 Nc7 12. Bf4 Be6 13. Ng5 Bc8 14. fxe4 h6 15. Nh3 dxe4 16. Bxc7 Qxc7 17. Nf4 Bd6 18. 0-0 Bxf4 19. Rxf4 g5 20. Rff1 Ng4 21. Nd5 Qd6 22. e3 Be6 23. Nc7+ Kf7 24. Rxf5+ Kg6 25. Nxe6 Kxf5 26. Rf1+ Kg6 27. Bxe4+ 1-0

[Event "Prague Bohemians (Women)"]
[Site "Prague"]
[Date "1989.??.??"]
[Round "?"]
[White "Kharkova, Elena"]
[Black "Samardzic, Jasna"]
[Result "1-0"]
[WhiteElo "2190"]
[BlackElo "2150"]
[PlyCount "69"]
[EventDate "1989.01.??"]
[EventType "tourn"]
[EventRounds "11"]
[EventCountry "CZE"]
[SourceTitle "EXT 1997"]
[Source "ChessBase"]
[SourceDate "1996.11.15"]
[SourceVersion "1"]
[SourceVersionDate "1996.11.15"]
[SourceQuality "1"]

1. d4 Nf6 2. c4 c5 3. d5 b5 4. cxb5 a6 5. f3 d6 6. e4 g6 7. a4 Bg7 8. Na3 0-0 9. bxa6 Bxa6 10. Bb5 Nfd7 11. Ne2 Bxb5 12. Nxb5 Na6 13. 0-0 Nb4 14. Nec3 Ne5 15. Qe2 Ned3 16. Be3 Qc8 17. Rad1 c4 18. b3 Rd8 19. Bb6 Rd7 20. a5 Rb7 21. f4 Bh6 22. bxc4 Nxf4 23. Qf3 Qf8 24. Be3 g5 25. Qg4 Qg7 26. Nd4 Ng6 27. Nf5 Qf8 28. Nxh6+ Qxh6 29. Bxg5 Qg7 30. Nb5 Rbb8 31. Nd4 Rxa5 32. Nf5 Qe5 33. Nh6+ Kf8 34. Nxf7 Qg7 35. Bh6 1-0

[Event "Prague Bohemians (Women)"]
[Site "Prague"]
[Date "1989.??.??"]
[Round "?"]
[White "Wohlers Armas, Friederike"]
[Black "Kharkova, Elena"]
[Result "1/2-1/2"]
[WhiteElo "2145"]
[BlackElo "2190"]
[PlyCount "123"]
[EventDate "1989.01.??"]
[EventType "tourn"]
[EventRounds "11"]
[EventCountry "CZE"]
[SourceTitle "EXT 1997"]
[Source "ChessBase"]
[SourceDate "1996.11.15"]
[SourceVersion "1"]
[SourceVersionDate "1996.11.15"]
[SourceQuality "1"]

1. d4 Nf6 2. c4 e6 3. Nc3 d5 4. Bg5 c5 5. cxd5 cxd4 6. Qxd4 Be7 7. e3 exd5 8. Nf3 0-0 9. Be2 Nc6 10. Qd2 h6 11. Bh4 Bg4 12. 0-0 Ne4 13. Nxe4 dxe4 14. Bxe7 Qxe7 15. Nd4 Ne5 16. Bxg4 Nxg4 17. Rac1 Qe5 18. g3 Qh5 19. f3 exf3 20. Rxf3 Rad8 21. Qe2 Rfe8 22. Rf4 Nf6 23. Qxh5 Nxh5 24. Rf3 Nf6 25. Rc7 Rd7 26. Rxd7 Nxd7 27. Nf5 Ne5 28. Rf4 h5 29. Nd6 Re6 30. Nf5 g6 31. Nd4 Re7 32. b3 Nd3 33. Rf3 Ne5 34. Rf4 Kg7 35. h3 f5 36. Kg2 Nd3 37. Rf1 Rxe3 38. Rxf5 Re4 39. Rd5 Kf6 40. Kf3 Re7 41. Nb5 Ne5+ 42. Kf2 a6 43. Na3 Ke6 44. Rd2 Rf7+ 45. Kg2 Rc7 46. Nc2 Kf5 47. Nd4+ Ke4 48. Ne6 Ke3 49. Rf2 Rc1 50. Nf4 Re1 51. Nd5+ Ke4 52. Nf4 b5 53. Rd2 a5 54. Rd5 Ra1 55. Rd2 a4 56. bxa4 bxa4 57. Re2+ Kf5 58. Nd5 Rc1 59. Ne7+ Kf6 60. Nd5+ Kf5 61. Ne7+ Kf6 62. Nd5+ 1/2-1/2